Missing Word: Three-Word Movies by Actor Quiz Stats

Quiz Updated Oct 1, 2014

Challenge
Share
Tweet
Embed
Score 0/24 Timer 04:00
1 Play Today
Hint Answer % Correct
Tom HanksPrivate
99%
Morgan FreemanDollar
98.2%
Johnny DeppAlice
97.7%
Morgan FreemanRedemption
96.8%
Tom HanksSleepless
95.9%
Johnny DeppLone
95.4%
Tom HanksYou've
95.2%
Morgan FreemanDriving
92.8%
Morgan FreemanDark
92.4%
Brad PittThelma
92.3%
Brad PittWorld
84.3%
Brad PittJoe
82%
Hint Answer % Correct
Tom HanksSaving
80.7%
Brad PittReading
80.6%
Tom HanksPerdition
74.8%
Tom HanksWilson's
70.3%
Johnny DeppWife
69.3%
Johnny DeppJoon
60.5%
Morgan FreemanGirls
56.7%
Johnny DeppJuan
54.2%
Brad PittThem
52.7%
Morgan FreemanFallen
38.4%
Brad PittDevil's
28.2%
Johnny DeppBefore
21.9%

Today's Daily Dose

You're not logged in!

Compare scores with friends on all Sporcle quizzes.
Sign Up with Email
OR
Log In

You Might Also Like...

Show Comments

Extras

Top Quizzes Today


Score Distribution

Your Account Isn't Verified!

In order to create a playlist on Sporcle, you need to verify the email address you used during registration. Go to your Sporcle Settings to finish the process.